| 000 | 00780nam a22002177a 4500 | ||
|---|---|---|---|
| 999 |
_c15831 _d15831 |
||
| 003 | MIRAKIL | ||
| 005 | 20240328122754.0 | ||
| 008 | 240328b tu ||||| |||| 00| 0 tur d | ||
| 020 | _a9789751613516 | ||
| 040 |
_aTR-AnCHP _cTR-AnCHP |
||
| 041 | _atur | ||
| 082 |
_a413.943285 _bK26 2020 |
||
| 245 | 1 | 0 |
_aKaraçay-Malkar Türkçesi sözlüğü / _c[hazırlayan]: Ufuk Tavkul |
| 260 |
_aAnkara : _bTürk Dil Kurumu, _c2020. |
||
| 300 |
_a455 sayfa ; _c24 cm. |
||
| 490 | 0 |
_aAtatürk Kültür, Dil ve Tarih Yüksek Kurumu Türk Dil Kurumu yayınları ; _v770. |
|
| 504 | _aKaynakça: 449-455. sayfa | ||
| 650 | 0 |
_97918 _aKaraçay-Malkar Türkçesi sözlüğü |
|
| 856 | _zDijital Nüshası için Partimizin Kütüphane Sorumlusu ile iletişime geçiniz. | ||
| 942 |
_2ddc _cBKS |
||